A kassai jogakadémia sorsa az impériumváltás után

Bibliographic Details
Main Author: Popély, Gyula, 1945- (Author)
Format: Article
Language:Hungarian
Subjects:

MARC

LEADER 00000nab a2200000 a 4500
001 vtls000749370
003 SK-MaSNL
005 20260318122048.0
008 160405c2000 xo 0 hun
015 |a SNBRB2001/02-06623 
035 |a CLN000101180 
040 |a SNKBUCL  |b slo  |c SNKBUCL  |e AACR2 
041 0 |a hun 
044 |a xo  |c SK 
080 |a 378.634(437.671=945.11)"1919/1922"  |2 1997 
080 |a 943.76"1919/1922":37  |2 1997 
100 1 |a Popély, Gyula,  |d 1945-  |4 aut  |9 85478 
245 1 0 |a A kassai jogakadémia sorsa az impériumváltás után  |c Popély Gyula 
504 |a Bibliogr. odkazy 
610 7 |a Kassai Állami Jogakadémia (Košice, Slovensko)  |y 1919-1922  |2 snkbucl  |9 1500792 
651 7 |a Košice (Slovensko)  |2 snkbucl  |9 18694 
655 7 |a články z novín a časopisov  |2 snkbucl  |9 267496 
773 0 |t Irodalmi szemle  |g Roč. 43, č. 11-12 (2000), s. 119-127 
850 |a Slovenská národná knižnica v Martine 
852 |a SNK  |b KIS3GCP 
958 |a HU 
958 |a SK 
958 |a NB 
958 |a RBX 
999 |c 2995342  |d 2997272